Gaming Quiz

Random Gaming or World Quiz

Neopets Games Quiz Stats

 Plays Quiz not verified by Sporcle

Score 0/160 Timer 05:00
0 Plays Today
World Game % Correct
Terror MountainHannah and the Ice Caves
56.4%
FaerielandFaerie Bubbles
50.9%
Krawk IslandHannah and the Pirate Caves
50.9%
MeridellKass Basher
47.3%
Neopia CentralMeerca Chase II
43.6%
Roo IslandAttack of the Gummy Dice
41.8%
VirtupetsTyping Terror
38.2%
Haunted WoodsCarnival Of Terror
38.2%
FaerielandFaerie Cloud Racers
36.4%
Lost DesertSutek's Tomb
36.4%
Mystery IslandHasee Bounce
34.5%
Kiko Lake Kiko Match II
34.5%
Lost DesertTug O War
34.5%
MeridellTurmac Roll
32.7%
MeridellExtreme Potato
32.7%
KreludorHannah and the Kreludor Caves
32.7%
Neopia CentralToy Box Escape
32.7%
Krawk IslandDubloon Disaster
29.1%
KreludorFreaky Factory
29.1%
VirtupetsAdvert Attack
29.1%
MaraquaJubble Bubble
29.1%
TyranniaDestruct-O-Match III
29.1%
Neopia CentralDice Escape
27.3%
AltadorCrisis Courier
25.5%
Lost DesertWord Pyramid
25.5%
FaerielandMaths Nightmare
25.5%
MeridellUltimate Bullseye II
25.5%
Haunted WoodsThe Castle of Eliv Thade
25.5%
Terror MountainIce Cream Machine
25.5%
MeridellCastle Escape
23.6%
Neopia CentralMarblemen Attack
23.6%
ShenkuuKou-Jong
23.6%
Terror MountainSnow Roller
23.6%
Jelly WorldJelly Blobs of Doom
23.6%
VirtupetsFeed Florg
23.6%
Terror MountainSnowbeast Snackrifice
23.6%
TyranniaVolcano Run II
21.8%
Tyrannia Petpet Rescue
21.8%
VirtupetsZurroball
21.8%
MeridellSuper Hasee Bounce
21.8%
Neopia CentralFashion Fever
21.8%
Neopia CentralNimmos Pond
20%
Haunted WoodsKorbats Lab
20%
VirtupetsFrumball
20%
Neopia CentralTecho Says
20%
ShenkuuShenkuu Warrior II
20%
Mystery IslandThe Buzzer Game
18.2%
VirtupetsSpell-or-Starve
18.2%
VirtupetsNova Defender
18.2%
MaraquaAttack Of The Revenge
18.2%
Neopia CentralUsuki Frenzy
18.2%
Jelly WorldBouncy Supreme
16.4%
BrightvaleBiscuit Brigade
16.4%
FaerielandExtreme Faerie Cloud Racers
16.4%
World Game % Correct
Neopia CentralPetpetsitter
16.4%
TyranniaUgga Smash
14.5%
VirtupetsNeverending Boss Battle
14.5%
MeridellExtreme Herder II
14.5%
Haunted WoodsMutant Graveyard of Doom II
14.5%
KreludorEscape To Kreludor
14.5%
Lost DesertDice of Destiny
14.5%
Mystery IslandIsland Chef Academy
14.5%
Mystery IslandBerry Bash
14.5%
Neopia CentralHannah and the Wardrobe of Adventure
14.5%
Neopia CentralMeepit Juice Break
14.5%
ShenkuuCloud Racers
14.5%
Terror MountainIgloo Garage Sale
14.5%
Roo IslandJolly Jugglers
12.7%
Haunted WoodsChemistry
12.7%
Mystery IslandGadgadsgame
12.7%
ShenkuuEye of the Storm
12.7%
VirtupetsSplat-a-Sloth
12.7%
Krawk IslandWord Poker
12.7%
TyranniaChia Bomber II
12.7%
Haunted WoodsThe Haunted Shootery
12.7%
Neopia CentralWarf Rescue
12.7%
ShenkuuShenkuu Warrior I
12.7%
Terror MountainDARBLAT
12.7%
Terror MountainSnowball Fight
12.7%
AltadorReady To Roll
10.9%
Haunted WoodsSnot Splatter
10.9%
TyranniaUgga Drop
10.9%
VirtupetsThe Return of the Return of Dr. Sloth
10.9%
MeridellAttack Of The Slorgs
10.9%
Haunted WoodsSophie's Stew
10.9%
KreludorTime Tunnel
10.9%
KreludorSlorgs In Space
10.9%
Mystery IslandMynci Beach Volleyball
10.9%
Neopia CentralMeepit vs. Feepit
10.9%
ShenkuuShenkuu Tangram
10.9%
VirtupetsAssignment 53
9.3%
Kiko LakeKookia
9.1%
Terror MountainRink Runner
9.1%
Terror MountainLet It Slide
9.1%
Neopia CentralHot Dog Hero
9.1%
Mystery IslandGoparokko
9.1%
MeridellSkies Over Meridell
9.1%
MeridellExtreme Herder
9.1%
Kiko LakeTubular Kiko Racing
9.1%
Krawk IslandStowaway Sting
9.1%
KreludorKreludan Mining Corp.
9.1%
KreludorSpacerocked
9.1%
Neopia CentralGourmet Club Bowls
9.1%
ShenkuuRiver Rush
9.1%
Terror MountainTerror Tilt
9.1%
BrightvaleCastle Battles
7.3%
TyranniaTyrannian Mini Golf
7.3%
Haunted WoodsBruno's Backwoods Breakaway
7.3%
World Game % Correct
Haunted WoodsEdna's Shadow
7.3%
Mystery IslandJungle Raiders
7.3%
Neopia CentralHungry Skeith
7.3%
Neopia CentralSpinacles
7.3%
Neopia CentralMootix Drop
7.3%
Neopia CentralWingoball
7.3%
ShenkuuTop Chop
7.3%
Lost DesertGrand Theft Ummagine
5.5%
ShenkuuRevel Roundup
5.5%
Moltara Tunnel Tumble
5.5%
Neopia CentralDefender Trainer
5.5%
Altador Chariot Chase
5.5%
Haunted WoodsHubrid's Hero Heist
5.5%
AltadorMop n Bop
5.5%
Krawk IslandDeckball
5.5%
Krawk IslandPetpet Cannonball
5.5%
KreludorThe Last Blast
5.5%
Lost DesertThe Great Qasalan Caper
5.5%
MaraquaRaiders of Maraqua
5.5%
Neopia CentralFlycatcher
5.5%
ShenkuuPrincess Lunara
5.5%
MoltaraS.M.E.L.T.
3.6%
Darigan CitadelDodgeball
3.6%
Roo IslandDungeon Dash
3.6%
MoltaraCave Glider
3.6%
MaraquaWhirlpool
3.6%
VirtupetsTROTRODS
3.6%
Haunted WoodsGhost Bopper
3.6%
Lost DesertScamandar Swarm
3.6%
MaraquaPetpet Plunge
3.6%
Mystery IslandWheeler's Wild Ride
3.6%
Neopia Central Spellseeker
3.6%
Shenkuu Imperial Exam
3.6%
KreludorLost In Space Fungus
1.8%
TyranniaPterattack
1.8%
VirtupetsItchy Invasion
1.8%
VirtupetsBlastoids
1.8%
MeridellNeopian Battlefield Legends
1.8%
Haunted WoodsWeb Of Vernax
1.8%
Haunted WoodsMAGAX II: Destroyer
1.8%
KreludorMoon Rock Rampage
1.8%
Lost DesertPiper Panic
1.8%
Neopia Central Jumpin' Gem Heist
1.8%
Neopia CentralA Day at the National Neopian
1.8%
VirtupetsEvil Fuzzels Beyond The Stars
0%
MeridellSorcerers` Skirmish
0%
Lost DesertSwarm - The Bugs Strike Back
0%
Mystery IslandLost City Lane
0%
Neopia CentralLegends Of Pinball
0%
Neopia CentralSmug Bug Smile
0%
Neopia CentralSewage Surfer
0%
Neopia CentralTNT Smasher
0%

You're not logged in!

Compare scores with friends on all Sporcle quizzes.
OR
Log In

Show Comments

Extras

Created Jul 17, 2012ReportNominate
Tags:World Quiz, neopet, people

Top Quizzes Today


Score Distribution

Your Account Isn't Verified!

In order to create a playlist on Sporcle, you need to verify the email address you used during registration. Go to your Sporcle Settings to finish the process.

Report this User

Report this user for behavior that violates our Community Guidelines.

Details: